000
00241nam a2200097Ia 4500
001
797509
005
20250826170808.0
008
250824s9999 xx 000 0 und d
245
0
_a
EVLİYA VE EŞKİYA
_c
UĞUR KOŞAR
260
_b
DESTEK YAYINLARI
999
_c
797509
_d
797509